000 00726nam a22002177a 4500
003 UA-OsUOA
001 72241
007 ta
008 20101230b un ||||| |||| 00| 0 ukr d
100 _aАнтонов В.Б.
090 _a330(477)
_bА72
942 _cSA
040 _aUA-OsUOA
_bukr
_cUA-OsUOA
_dUA-OsUOA
245 _aОцінка ефективності структурних трансформацій залучення прямих іноземних інвестицій в Українї
300 _aС.79-85
955 _a0
041 _aukr
080 _a330(477)
773 0 _w72240
_tРегіональна економіка
_dЛьвів
_d2010
_g3
650 7 _a330 Економіка взагалі
_2UDC
999 _c358526
_d358526